| 000 | 00490nab a2200145Ia 4500 | ||
|---|---|---|---|
| 003 | ES-SlBCS | ||
| 005 | 20210601132857.0 | ||
| 008 | 140529s1970 xxu||||| |||| 00| 0 ita d | ||
| 041 | _aita | ||
| 100 | 1 |
_aDrago, Giovanni _962838 |
|
| 245 | 0 | 0 |
_aIl problema della logica giuridica nel pensiero di Georges Kalinowski _c Giovanni Drago |
| 600 | 1 |
_aKalinowski, Georges-Lógica Jurídica _9199723 |
|
| 773 | 0 |
_tGiornali di Metafisica _gvol. 25, nº. 1, 1970, págs. 55-58 _w0017-0372 |
|
| 942 | _cAR | ||
| 999 |
_c587048 _d587048 |
||